000 00371nam a22001577a 4500
003 NUST
005 20230125125245.0
020 _a9780007278596
082 _a869.342,COE
100 _aCoelho, Paulo
_93636
245 _aBrida /
_cPaulo Coelho,
260 _aHarper Collins
_bLondon
_c2008
300 _a266 p
650 _aEnglish Literature
_9318
942 _2ddc
_cFIC
999 _c592997
_d592997